Assassination Classroom Personnages par Images - Statistiques

Statistiques générales
  • Ce quiz a été pris 129 fois
  • Le résultat moyen est 17 sur 73
Statistiques - réponses
Par images Réponse % Correct
Korosensei
99%
Karma Akabane
96%
Nagisa Shiota
84%
Irina Jelavić / Poufanovitch
83%
Tadaomi Karasuma
72%
Kaede Kayano / Akari Yukimura
60%
Rio Nakamura
58%
Ryoma Terasaka
55%
Yuma Isogai
54%
Itona Horibe
53%
Gakushu Asano
49%
Ritsu / Batterie d'Artillerie Autonome
48%
Gakuho Asano
43%
Masayoshi "Justice" Kimura
42%
Manami Okuda
38%
Ryunosuke Chiba
37%
Taiga Okajima
35%
Yukiko Kanzaki
35%
Tomohito Sugino
34%
Meg Kataoka
33%
Hiroto Maehara
32%
Kirara Hazama
30%
Kotaro Takebayashi
28%
Sakura Kiyashiki
26%
Yuzuki Fuwa
26%
Hinata Okano
25%
Shinigami / Dieu de la Mort
25%
Sumire Hara
25%
Akira Takaoka
24%
Rinka Hayami
24%
Toka Yada
24%
Hinano Kurahashi
22%
Taisei Yoshida
21%
Sosuke Sugaya
20%
Takuya Muramatsu
20%
Koki Mimura
19%
Lovro Brovski
18%
Red Eye
16%
Aguri Yukimura
14%
Kotaro Yanagisawa / Shiro
14%
Kunudon
14%
Ren Sakakibara
12%
M. Shiota
10%
Smog
10%
Yuji Norita
10%
Gastro
9%
Grip
8%
Kazutaka Shindo
7%
Teppei Araki
6%
Tomoya Seo
6%
Kevin
5%
Natsuhiko Koyama
5%
Hiromi Shiota
3%
Kokona Tagawa
2%
Kensaku Ono
1%
Kyohei Hashimoto
1%
Mario
1%
Rikuto Ikeda
1%
Seeker
1%
Chanta
0%
Chosuke Takada
0%
Craig Hojo
0%
Futoshi
0%
Hirokazu Tsuruta
0%
Kaho Tsuchiya
0%
Kiyoshi Terai
0%
Matsukata
0%
Mori
0%
Nagai
0%
Nise Onaga
0%
Nobuta Tanaka
0%
Ryuki
0%
Takanojo Migitsuma
0%
Aucun quiz correspondant
Distribution des résultats
% des personnes avec chaque résultat
Percentile par nombre de réponses
Votre historique - résultats
Vous n’avez pas pris ce quiz